000 00390nam a2200169Ia 4500
001 23345
005 20260414150931.0
008 260414t1996||||xx |||||||||||||| ||spa||
041 _aESP
082 _a629.89
_bK95
100 _aKuo, Benjamín C.
_eAUT
245 0 _aSistemas de control automático
_b
260 _c1996
650 _aCNM
654 _aCCN
942 _cLIB
_dJUS
_fJUS
_2ddc
_n
999 _c23345
_d23345